Statistics for Historical figures by picture - C

Click here to take the quiz!

General Stats

  • This quiz has been taken 1,120 times
    (346 since last reset)
  • The average score is 10 of 20

Answer Stats

Answer% Correct
Churchill
95%
Castro
90%
Curie
88%
Caesar
84%
Columbus
82%
Capone
71%
Catherine
60%
Confucius
59%
Charlemagne
58%
Cleopatra
49%
Chavez
46%
Chiang Kai-shek
40%
Copernicus
40%
Cook
34%
Constantine
32%
Cicero
29%
Crazy horse
22%
Calvin
17%
Crockett
14%
Cyrus
13%

Score Distribution

Percentile by Number Answered

Percent of People with Each Score

Your Score History

You have not taken this quiz since the last reset